|
|
|
|
| LEADER |
00000cam a2200000 7i4500 |
| 001 |
0000299995 |
| 005 |
20241025161555.0 |
| 006 |
### ### |
| 007 |
t |
| 008 |
220705 may |
| 020 |
|
|
|a 9789672434252
|
| 040 |
|
|
|a MBPJ
|b eng
|c MBPJ
|e rda
|
| 090 |
0 |
0 |
|a 808.882
|b LEL
|
| 245 |
0 |
0 |
|a Lelaki KHAZANAH BAHAGIA
|c Editor Sri Diah Shaharuddin & Fariza Nurbaya Muhammad
|
| 264 |
|
1 |
|a Shah Alam :
|b Writers Write Services
|c 2021
|
| 300 |
|
|
|a 220pages ;
|c 20 cm.
|
| 336 |
|
|
|a text
|2 rdacontent
|
| 337 |
|
|
|a unmediated
|2 rdamedia
|
| 338 |
|
|
|a volume
|2 rdacarrier
|
| 490 |
0 |
|
|a Legasi abah
|v 4
|
| 650 |
|
0 |
|a Anecdotes
|
| 650 |
|
0 |
|a Authors
|v Anecdotes
|
| 650 |
|
0 |
|a Conduct of life
|v Anecdotes
|
| 700 |
0 |
|
|a Fariza Nurbaya Muhammad ,
|e editor
|
| 700 |
0 |
|
|a Sri Diah Shaharuddin ,
|e editor
|
| 999 |
|
|
|a 00399916
|b BUKU
|c PINJAMAN
|e PERPUSTAKAAN KOMUNITI CAW KOTA DAMANSARA
|
| 999 |
|
|
|a 00401621
|b BUKU
|c PINJAMAN
|e PERPUSTAKAAN KOMUNITI PETALING JAYA
|
| 999 |
|
|
|a 00401622
|b BUKU
|c PINJAMAN
|e PERPUSTAKAAN KOMUNITI PETALING JAYA
|
| 999 |
|
|
|a 00401818
|b BUKU
|c PINJAMAN
|e PERPUSTAKAAN KOMUNITI CAW KOTA DAMANSARA
|